书目信息 |
| 题名: |
《孝经》与孝文化
|
|
| 作者: | 杨志刚 著 | |
| 分册: | ||
| 出版信息: | 北京 人民日报出版社 2014 |
|
| 页数: | 255页 | |
| 开本: | 24cm | |
| 丛书名: | ||
| 单 册: | ||
| 中图分类: | B222.25 , B823.1 | |
| 科图分类: | ||
| 主题词: | 孝--文化--研究--中国 | |
| 电子资源: | ||
| ISBN: | 978-7-5115-2178-1 | |
| 000 | 01060nam0 2200265 450 | |
| 001 | 338645 | |
| 005 | 20150602085641.62 | |
| 010 | @a978-7-5115-2178-1@dCNY48.00 | |
| 100 | @a20140616d2013 em y0chiy50 ea | |
| 101 | 0 | @achi |
| 102 | @aCN@b110000 | |
| 105 | @ay z 000yy | |
| 106 | @ar | |
| 200 | 1 | @a《孝经》与孝文化@A《xiao jing》yu xiao wen hua@f杨志刚著 |
| 210 | @a北京@c人民日报出版社@d2014 | |
| 215 | @a255页@d24cm | |
| 300 | @a人民日报学术文库 黑龙江省教育科学“十二五”规划重大课题中期成果 哈尔滨工程大学中央高校基本科研业务费专项资金重点项目中期成果 黑龙江省普通高校人文社会科学重点研究基地——大学德育与青年心理研究中心基金项目中期成果 | |
| 330 | @a本书梳理出古今中外对《孝经》的阐释、借鉴和应用, 界定出“孝文化”的涵义, 分析了《孝经》与孝文化的关系, 为进一步弘扬孝文化, 提升孝文化的影响力进行了初步的探索。 | |
| 605 | @a《孝经》@x研究 | |
| 606 | 0 | @a孝@x文化@x研究@y中国 |
| 690 | @aB222.25@v5 | |
| 690 | @aB823.1@v5 | |
| 701 | 0 | @a杨志刚@Ayang zhi gang@f(1975)@4著 |
| 801 | 0 | @aCN@b卓展宏图@c20150525 |
| 905 | @dB222.25@e482@f4 | |
| 《孝经》与孝文化/杨志刚著.-北京:人民日报出版社,2014 |
| 255页;24cm |
| 人民日报学术文库 黑龙江省教育科学“十二五”规划重大课题中期成果 哈尔滨工程大学中央高校基本科研业务费专项资金重点项目中期成果 黑龙江省普通高校人文社会科学重点研究基地——大学德育与青年心理研究中心基金项目中期成果 |
| ISBN 978-7-5115-2178-1:CNY48.00 |
| 本书梳理出古今中外对《孝经》的阐释、借鉴和应用, 界定出“孝文化”的涵义, 分析了《孝经》与孝文化的关系, 为进一步弘扬孝文化, 提升孝文化的影响力进行了初步的探索。 |
| ● |
| 相关链接 |
|
|
|
|
正题名:《孝经》与孝文化
索取号:B222.25/482
 
预约/预借
| 序号 | 登录号 | 条形码 | 馆藏地/架位号 | 状态 | 备注 |
| 1 | 863010 | 208630105 | 第一样本阅览室/ [索取号:B222.25/482] | 在馆 | |
| 2 | 863011 | 208630114 | 第一借阅区/ [索取号:B222.25/482] | 在馆 | |
| 3 | 863012 | 208630123 | 第一借阅区/ [索取号:B222.25/482] | 在馆 | |
| 4 | 863013 | 208630132 | 教育系资料室/ [索取号:B222.25/482] | 在馆 |